00612nam a2200145 a 4500008004100000050001700041100002100058245016700079260003400246300001800280350000900298650003500307650005400342710007000396100107s1997 ||||||||||||||||| || u aUNRISD(08)DP aGhimire, Krishna10aEmerging mass tourism in the south: reflections on the social opportunities and costs of national and regional tourism in developing countriescby Krishna Ghimire aGeneva:bUNITED NATIONSc1997 av, 28p.: ill. a0.00 aTOURISM --DEVELOPING COUNTRIES aTOURISM --ECONOMIC ASPECTS --DEVELOPING COUNTRIES aUnited Nations Research Institute for Social Development (UNRISD)